000 01071nam a2200229 i 4500
001 183875
003 ES-MaACL
005 20230906222006.0
008 141103s1864 sp |||| | spa d
080 _a336.77(460):332
080 _a336.773 (460)
110 2 _aInstitut Agrícola Català de Sant Isidre.
_9176166
245 1 0 _aSociedades de crédito territorial en España :
_bproyecto de una asociación de propietarios y deudores, presentado por el Instituto Agrícola Catalán de San Isidro al Excmo. Sr. Ministro de Hacienda en 20 de mayo de 1864, en solicitud de la necesaria autorización para constituirla.
260 _aMadrid :
_b[s.n.],
_c1864 (
_fImp. de Tejado, a cargo de L. Ludeña)
300 _aXXXI, 175 p. ;
_c24 cm.
530 _aDisponible en formato digital.
650 4 _aPréstamos hipotecarios-
_zEspaña.
_9145949
650 4 _aCooperativas de crédito-
_zEspaña.
_9155470
852 4 _aES-MaACL
_jT-84-F-6
852 4 _aES-MaACL
_jT-76-F-1
856 4 _uhttp://bdh-rd.bne.es/viewer.vm?id=0000115601&page=1
_zBiblioteca Digital Hispánica
999 _c183875
_d183875